000
00222nam a22000857a 4500
008
170612b xxu||||| |||| 00| 0 eng d
100
_9
3355
_a
Agarwala. S. K
245
_a
Statistics for Economics
260
_a
New Delhi
_b
A. I
_c
2009
999
_c
6692
_d
6692